000 00303nam a22001457a 4500
008 180814b xxu||||| |||| 00| 0 eng d
020 _a9780669187588
041 _aeng
080 _a51
082 _a51
100 _a38
101 _aALG
245 _aCollege algebra
_cLarson.R.E
942 _2udc
_cBK
999 _c47168
_d47168